Un elefante casi nunca vive solo / (Registro nro. 10170)

Detalles MARC
000 -LIDER
fixed length control field 01067nam a22003257b 4500
001 - NÚMERO DE CONTROL
Identificador de número de control 001984370
003 - IDENTIFICACDOR DE NÚMERO DE CONTROL
control field DO-SdBNP
005 - DATE AND TIME OF LATEST TRANSACTION
control field 20240903110221.0
007 - CAMPOS FIJOS DE DESCRIPCIÓN FÍSICA
fixed length control field 001984370
008 - ELEMENTOS DE LONGITUD FIJA
fixed length control field 041110s2004 sp | | ||spa
017 ## - NÚMERO DE REGISTRO DE DERECHOS DE AUTOR
Copyright or legal deposit number
Assigning agency
020 ## - ISBN
International Standard Book Number 842635517X
035 ## - NÚMERO LOCAL
System control number
040 ## - FUENTE DE CATALOGACIÓN
Agencia que crea de manera original el registro BPMSU
Idioma de catalogación spa
Agencia que realiza la transcripción BPMSU
Convenciones de la despripción
082 #4 - NÚMERO DE CLASIFICACIÓN DECIMAL DE DEWEY
Classification number 891.263
Item number T398u 2004
Edition number 22
100 1# - ASIENTO PRINCIPAL -- NOMBRE PERSONAL
Nombre personal Schins, Marie-Thérèse
Fechas asociadas con el nombre 1943-
245 10 - MENCIÓN DE TITULO
Título Un elefante casi nunca vive solo /
Mención de responsabilidad Marie-Thérèse Schins ; ilustrado por Leticia Ruifernández ; traducción, Cristina Rodríguez
Medio (Designación general de material)
260 ## - PUBLICACIÓN, DISTRIBUCIÓN, ETC. (PIE DE IMPRENTA)
Lugar de publicación, distribución, etc Madrid :
Nombre del editor, distribuidor, etc. Edelvivesj,
Fecha de publicación, distribución, etc 2004
300 ## - DESCRIPCIÓN FÍSICA
Extensión 215 p. :
Otros detalles físicos il.;
Dimensiones 23 cm
490 0# - MENCIÓN DE SERIES
Mención de serie Cuadernos de viaje de Sandra,
Volume/sequential designation 002
590 ## - NOTA LOCAL
Texto de la nota local Inventariado, 2024/VM
650 #4 - ENCABEZAMIENTO DE MATERIA--TEMÁTICO
Término temático o nombre geográfico como elemento de entrada Cuentos juveniles irlandeses.
650 #4 - ENCABEZAMIENTO DE MATERIA--TEMÁTICO
Término temático o nombre geográfico como elemento de entrada Cuentos de aventuras
650 #4 - ENCABEZAMIENTO DE MATERIA--TEMÁTICO
Término temático o nombre geográfico como elemento de entrada
651 #4 - ENCABEZAMIENTO DE MATERIA--NOMBRE GEOGRÁFICO
Nombre geográfico India
Subdivisión temática general Descubrimientos y exploraciones
Subdivisión cronológica Siglo XIII
Subdivisión de forma
Fuente del encabezamiento o término
700 1# - ASIENTO SECUNDARIO -- NOMBRE PERSONAL
Nombre personal Rodríguez, Cristina
Mención de responsabilidad traductor
700 1# - ASIENTO SECUNDARIO -- NOMBRE PERSONAL
Nombre personal Ruifernández, Leticia
Mención de responsabilidad ilustraciones
910 ## - VALIDACIÓN
Validación VMateo V. Control de calidad. BPMSU
942 ## - ADDED ENTRY ELEMENTS (KOHA)
Source of classification or shelving scheme Dewey Decimal Classification
Koha item type Libros
Existencias
Withdrawn status Lost status Source of classification or shelving scheme Damaged status Not for loan Collection code Home library Current library Date acquired Source of acquisition Total Checkouts Full call number Barcode Date last seen Price effective from Koha item type
    Dewey Decimal Classification     Colección General Biblioteca Pública Metropolitana Salomé Ureña Biblioteca Pública Metropolitana Salomé Ureña 05/18/2016 FUNDI   BPMSU CJG 891.263 T398u 2004 BPMSU16050389 05/18/2016 05/18/2016 Libros